00673nam a2200181Ia 4500008004100000020001800041041000800059082001800067100002300085245004600108260002500154300000800179365001600187700002300203906005500226999001900281952019100300230718s9999 xx 000 0 und d a9789387693449 aeng a355.0954bSAK aSaksena R.9201131 aShe Goes To WarbWomen Militants Of India c2018bSpeaking Tiger a205 cRs.b499.00 aSaksena R.9201131 dO:0612919-Sep-2018B:461614-Aug-2018cGENRLb109.78 c348533d348533 00102ddc4070aCCEPbCCEPd2018-09-19eTechnical Book ServicesfGENRLg389.22i4616l6o355.0954pCCEP-BK-59740r2026-03-17 17:11:31s2026-03-06t109.78v499.00w2018-08-14yBKz059740